Normal view
MARC view
- ELONKA,STEPHEN MICHAEL,MINICH,QUAID WALTON
Entry Personal Name
001 - CONTROL NUMBER
- control field: 57085
003 - CONTROL NUMBER IDENTIFIER
- control field: NUST
005 - DATE AND TIME OF LATEST TRANSACTION
- control field: 20210628201839.0
008 - FIXED-LENGTH DATA ELEMENTS
- fixed length control field: 210628|| aca||aabn | a|a d
040 ## - CATALOGING SOURCE
- Original cataloging agency: NUST
- Transcribing agency: NUST
100 ## - HEADING--PERSONAL NAME
- Personal name: ELONKA,STEPHEN MICHAEL,MINICH,QUAID WALTON
670 ## - SOURCE DATA FOUND
- Source citation: Work cat.: (NUST): ELONKA,STEPHEN MICHAEL,MINICH,QUAID WALTON, STANDARD REFRIGERATION AND AIR CONDITIONING QUESTIONS AND ANSWERS, 1961
